00241nam a22000977a 4500082001400000100001300014245003000027260003500057300000900092490004200101 a530.4 TAB aTabor, D aGases, Liquids and Solids aEngland:bPenguin Book,c1969. a290p aPenguin Librabry of Physical Sciences